| Tag |
First Indicator |
Second Indicator |
Subfields |
| LEADER |
00000cam a2200000 i 4500 |
| 001 |
in00005643521 |
| 006 |
m o d |
| 007 |
cr cnu|||unuuu |
| 008 |
220404t20172017ncu ob 001 0 eng d |
| 005 |
20250425172123.1 |
| 035 |
|
|
|a (OCoLC)on1308952871
|
| 040 |
|
|
|a N$T
|b eng
|e rda
|e pn
|c N$T
|d N$T
|d OCLCO
|d OCLCQ
|d OCLCO
|d OCLCQ
|
| 020 |
|
|
|a 9781478091080
|q (electronic bk.)
|
| 020 |
|
|
|a 1478091088
|q (electronic bk.)
|
| 035 |
|
|
|a (OCoLC)1308952871
|
| 050 |
|
4 |
|a PN1995.9.D6
|b M33 2017
|
| 082 |
0 |
4 |
|a 070.1/8
|2 23
|
| 049 |
|
|
|a TXAM
|
| 100 |
1 |
|
|a Malkowski, Jennifer,
|d 1983-
|e author.
|
| 245 |
1 |
0 |
|a Dying in full detail :
|b mortality and digital documentary /
|c Jennifer Malkowski.
|
| 250 |
|
|
|a [Open access version].
|
| 264 |
|
1 |
|a Durham :
|b Duke University Press,
|c [2017]
|
| 264 |
|
4 |
|c ©2017
|
| 300 |
|
|
|a 1 online resource.
|
| 336 |
|
|
|a text
|b txt
|2 rdacontent
|
| 337 |
|
|
|a computer
|b c
|2 rdamedia
|
| 338 |
|
|
|a online resource
|b cr
|2 rdacarrier
|
| 588 |
0 |
|
|a Online resource; title from PDF title page (EBSCO, viewed April 13, 2022).
|
| 504 |
|
|
|a Includes bibliographical references and index.
|
| 505 |
0 |
|
|a Capturing the "moment" : photography, film, and death's elusive duration -- The art of dying, on video : deathbed documentaries -- "A negative pleasure" : suicide's digital sublimity -- Streaming death : the politics of dying on YouTube.
|
| 520 |
|
|
|a In Dying in Full Detail Jennifer Malkowski explores digital media's impact on one of documentary film's greatest taboos: the recording of death. Despite technological advances that allow for the easy creation and distribution of death footage, digital media often fail to live up to their promise to reveal the world in greater fidelity. Malkowski analyzes a wide range of death footage, from feature films about the terminally ill (Dying, Silverlake Life, Sick), to surreptitiously recorded suicides (The Bridge), to #BlackLivesMatter YouTube videos and their precursors. Contextualizing these recordings in the long history of attempts to capture the moment of death in American culture, Malkowski shows how digital media are unable to deliver death in full detail, as its metaphysical truth remains beyond representation. Digital technology's capacity to record death does, however, provide the opportunity to politicize individual deaths through their representation. Exploring the relationships among technology, temporality, and the ethical and aesthetic debates about capturing death on video, Malkowski illuminates the key roles documentary death has played in twenty-first-century visual culture.
|
| 650 |
|
0 |
|a Documentary films
|x Production and direction
|x Moral and ethical aspects.
|
| 650 |
|
0 |
|a Documentary mass media.
|
| 650 |
|
0 |
|a Death in motion pictures.
|
| 650 |
|
0 |
|a Digital cinematography
|x Technique.
|
| 650 |
|
6 |
|a Documentaires
|x Production et réalisation
|x Aspect moral.
|
| 650 |
|
6 |
|a Médias documentaires.
|
| 650 |
|
6 |
|a Mort au cinéma.
|
| 650 |
|
6 |
|a Cinéma numérique
|x Technique.
|
| 650 |
|
7 |
|a Death in motion pictures
|2 fast
|
| 650 |
|
7 |
|a Documentary mass media
|2 fast
|
| 650 |
|
7 |
|a Dokumentarfilm
|2 gnd
|
| 650 |
|
7 |
|a Sterben
|2 gnd
|
| 650 |
|
7 |
|a Documentary films
|x Production and direction
|x Moral and ethical aspects.
|2 nli
|
| 650 |
|
7 |
|a Documentary mass media.
|2 nli
|
| 650 |
|
7 |
|a Death in motion pictures.
|2 nli
|
| 650 |
|
7 |
|a Digital cinematography
|x Technique.
|2 nli
|
| 655 |
|
7 |
|a Electronic books.
|2 local
|
| 856 |
4 |
0 |
|u https://www.degruyter.com/openurl?genre=book&isbn=9781478091080
|z Connect to the full text of this electronic book
|t 0
|
| 955 |
|
|
|a De Gruyter Open Access ebooks
|
| 994 |
|
|
|a 92
|b TXA
|
| 999 |
f |
f |
|s 18c20da5-fc22-4b17-81c1-89bd25c0c62b
|i 6da2c7df-a1ce-48bf-ad22-025c36d29a7f
|t 0
|
| 952 |
f |
f |
|a Texas A&M University
|b College Station
|c Electronic Resources
|d Available Online
|t 0
|e PN1995.9.D6 M33 2017
|h Library of Congress classification
|
| 998 |
f |
f |
|a PN1995.9.D6 M33 2017
|t 0
|l Available Online
|